Strzelcy Premier League w klubach 2022/23 - Statystyki

Ogólne statystyki
  • Ten quiz został rozwiązany 51 razy
  • Średni wynik to 12 z 20
Statystyki odpowiedzi
Klub Narodowość # Nazwisko % Poprawnych
Manchester City Norwegia 36 Erling Håland
100%
Liverpool Egipt 19 Mohamed Salah
96%
Manchester United Anglia 17 Marcus Rashford
92%
Arsenal Brazylia/Norwegia 15 Gabriel Martinelli/Martin Ødegaard
88%
Tottenham Hotspur Anglia 30 Harry Kane
88%
Chelsea Niemcy 7 Kai Havertz
86%
Aston Villa Anglia 15 Ollie Watkins
80%
Fulham Serbia 14 Aleksandar Mitrović
78%
Brighton Argentyna 10 Alexis Mac Allister
67%
Newcastle United Anglia 18 Callum Wilson
65%
Brentford Anglia 20 Ivan Toney
63%
West Ham United Algieria/Anglia 6 Saïd Benrahma/Jarrod Bowen
59%
Crystal Palace Anglia 10 Eberechi Eze
47%
Leeds United Hiszpania 13 Rodrigo
35%
Leicester City Anglia 13 Harvey Barnes
29%
Wolverhampton Wanderers Portugalia 6 Rúben Neves/Daniel Podence
29%
Nottingham Forest Nigeria 10 Taiwo Awoniyi
29%
Everton Anglia 7 Dwight McNeil
14%
Southampton Anglia 9 James Ward-Prowse
12%
Bournemouth Dania 7 Philip Billing
12%
Nie znaleziono quizów pasujących do podanych kryteriów
Rozkład punktacji
Procent ludzi z każdym wynikiem
Percentyl według liczby udzielonych odpowiedzi
Twoja historia wyników
Nie rozwiązałeś tego quizu